=LDR 00000nam 2200000 4500 =001 INLIS000000000011077 =005 20130612102658 =008 ***********************************Ind** =035 ##$$0010-061300000011077 =041 ##$$a Ind =082 ##$$a 362.2 =090 ##$$a 362.2, Gla a =100 ##$$a Galadstone, William =245 ##$$a Apakah mental Anda Sehat, Tes Sendiri, Willam GladStone ; Penerjemah Dra. Jeanette M.Lesmana dkk =260 ##$$a Pustaka Sinar Harapan $b Jakarta =300 ##$$a 154 hlm, 21 cm =850 ##$$a NBPNMAT